00846nam a22002777a 450000500170000000800410001701000140005802000260007202000230009803500130012103700130013404000080014705000130015508200140016810000260018224501160020825000120032426000480033627000430038430000320042765000220045965000140048165000230049565000240051870000260054220100415103857.0100415t xxu||||| |||| 00| 0 eng d aENG-96038 a9780070683532c250.00 a0070683530c250.00 aEN-79571 bDBAD/PUB aDPL aBF505.G6 a650.1221 aBlanchard, Kenneth H. aFull steam ahead! :bunleash the power of vision in your company and your life /cKen Blanchard, Jessie Stoner. a1st ed. aNew DelhibTata Mcgraw Hill Educationc2009 a7, West Patel NagarbNew Delhie110008 axii, 171 p. ;c23 cm. (pbk) aGoal (Psychology) aPlanning. aBusiness planning. aMission statements. aStoner, Jesse,d1949-